Top 10 Songs by Eddie Money - Statistics

General Stats
  • This quiz has been taken 3 times
  • The average score is 2 of 10
Answer Stats
Hint Answer % Correct
3 Two Tickets to Paradise
67%
2 I Wanna Go Back
33%
5 Shakin'
33%
1 Take Me Home Tonight
33%
6 Think I'm in Love
33%
7 Walk on Water
33%
4 Baby Hold On
0%
9 Endless Nights
0%
8 Maybe I'm a Fool
0%
10 The Love in Your Eyes
0%
No matching quizzes found
Score Distribution
Percent of People with Each Score
Percentile by Number Answered
Your Score History
You have not taken this quiz